Los patrones de asentamiento y desarrollo rural prehispánico entre Ollantaytambo y Machu Picchu / (Record no. 12683)

000 -CABECERA
fixed length control field 00930nam a22002297a 4500
003 - IDENTIFICADOR DEL NÚMERO DE CONTROL
control field AR-CdUCM
008 - DATOS DE LONGITUD FIJA--INFORMACIÓN GENERAL
fixed length control field 190409b ||||| |||| 00| 0 spa d
040 ## - FUENTE DE LA CATALOGACIÓN
Agencia/entidad que catalogó originalmente la obra MUNICIPALIDAD PROVINCIAL DEL CUSCO
Entidad que transcribió la catalogación BIBLIOTECA MUNICIPAL DEL CUSCO
082 ## - NÚMERO DE LA CLASIFICACIÓN DECIMAL DEWEY
No. de Clasificación C / 913.85 /
Notacion interna K33
100 ## - ENTRADA PRINCIPAL--NOMBRE DE PERSONA
Nombre Personal Kendall, Ann
245 ## - MENCIÓN DE TÍTULO
Título Los patrones de asentamiento y desarrollo rural prehispánico entre Ollantaytambo y Machu Picchu /
260 ## - PUBLICACIÓN, DISTRIBUCIÓN, ETC.
Lugar de publicación, distribución, etc. Cusco :
Nombre de la editorial, distribuidor, etc. Universidad Nacional San Antonio Abad,
Fecha de publicación, distribución, etc. 1992.
300 ## - DESCRIPCIÓN FÍSICA
Nº de Páginas Extensión 33 páginas ;
Otros detalles físicos Mapas, ilustraciones, cuadros,
Dimensiones 21 cm.
505 ## - NOTA DE CONTENIDO CON FORMATO
Nota de contenido formateada Contenido: Los patrones de asentamiento y desarrollo rural prehispánico entre Ollantaytambo y Machupicchu -- Zona Mayor -- Zona de Cusichaca.
650 ## - PUNTO DE ACCESO ADICIONAL DE MATERIA--TÉRMINO DE MATERIA
Descriptor Arqueología
9 (RLIN) 371
650 ## - PUNTO DE ACCESO ADICIONAL DE MATERIA--TÉRMINO DE MATERIA
Descriptor Perú
9 (RLIN) 35
650 ## - PUNTO DE ACCESO ADICIONAL DE MATERIA--TÉRMINO DE MATERIA
Descriptor Andenes incas
9 (RLIN) 22837
650 ## - PUNTO DE ACCESO ADICIONAL DE MATERIA--TÉRMINO DE MATERIA
Descriptor Agricultura
9 (RLIN) 320
650 ## - PUNTO DE ACCESO ADICIONAL DE MATERIA--TÉRMINO DE MATERIA
Descriptor Época Prehispánica
9 (RLIN) 2714
942 ## - ELEMENTOS DE PUNTO DE ACCESO ADICIONAL (KOHA)
Fuente de clasificación
Tipo de item Libros-BMC
945 ## - PROCESAMIENTO DE INFORMACIÓN LOCAL (OCLC)
Catalogador cmm
AAAA-MM-DD - Fecha de ingreso o modificacion 2019-04-09
Holdings
Estado de retiro (separado) Fuente de clasificación o esquema de estanterías Estado dañado Ubicación Sala donde se ubica Nombre de la colección Fecha de adquisición o compra Costo, precio normal en soles Signatura topográfica Código de Barras Última vez visto (Koha) Tipo de ítem (Koha)
No     Sala Humanidades Sala Humanidades Book Cart 2019-04-09 10.00 913.85 / K33 SH0000010325 2019-04-09 Libros-BMC
No     Sala Humanidades Sala Humanidades Book Cart 2019-04-09 10.00 913.85 / K33 / e.2 SH0000010326 2019-04-09 Libros-BMC

Powered by Koha